Didática teórica didática prática (Record no. 67328)

MARC details
000 -LÍDER
campo de controle de tamanho fixo 00409 a2200157 4500
001 - NÚMERO DE CONTROLE
campo de controle 67328
020 ## - ISBN - INTERNATIONAL STANDARD BOOK NUMBER
ISBN - International Standard Book Number 8515003090
040 ## - FONTE DA CATALOGAÇÃO
Instituição que transcreveu o registro Anchieta - Pituba
100 ## - ENTRADA PRINCIPAL--NOME PESSOAL
Nome pessoal Martins, Pura Lucia Oliver.
240 10 - TÍTULO UNIFORME
Título uniforme Didática teórica didática prática
Idioma da obra
245 10 - TÍTULO
Título Didática teórica didática prática
300 ## - DESCRIÇÃO FÍSICA
Extensão 181
362 0# - DATAS DE PUBLICAÇÃO E/OU DESIGNAÇÃO SEQUENCIAL
Datas de publicação e/ou designação sequencial 2002
650 #4 - ASSUNTO--TERMO TÓPICO
Cabeçalho tópico ou nome geográfico Educação, pesquisa e tópicos relacionados
942 ## - ELEMENTOS DE ENTRADA ADICIONADOS (KOHA)
Tipo de material Koha Livros
Holdings
Situação do descarte Situação das perdas Situação física Não pode ser emprestado Biblioteca de origem Biblioteca atual Data de aquisição Total de empréstimos Número de chamada completo Código de barras Data de último acesso Data do preço efetivo Tipo de material Koha
        Colégio Anchieta - Pituba Colégio Anchieta - Pituba 21/11/2023   370.7 M386d MAR DID 22198/PIT 21/11/2023 21/11/2023 Livros